书目信息 |
| 题名: |
星体运动与长期天气地震预报
|
|
| 作者: | 栾巨庆 著 | |
| 分册: | ||
| 出版信息: | 北京 北京师范大学出版社 1988.05 |
|
| 页数: | 249页 | |
| 开本: | 26cm | |
| 丛书名: | ||
| 单 册: | ||
| 中图分类: | P456.3 | |
| 科图分类: | ||
| 主题词: | 天气预报 | |
| 电子资源: | ||
| ISBN: | 7-303-00074-7 | |
| 000 | 00582nam0 2200193 45 | |
| 001 | 0405211525 | |
| 005 | 20040701153156.5 | |
| 010 | @a7-303-00074-7@dCNY4.25 | |
| 100 | @a20040521d1988 km y0chiy0120 ea | |
| 101 | 0 | @achi |
| 105 | @a z 000yy | |
| 200 | 1 | @a星体运动与长期天气地震预报@AXing Ti Yun Dong Yu Chang Qi Tian Qi Di Zhen Yu Bao@f栾巨庆著@FLuan Ju Qing Zhu |
| 210 | @a北京@c北京师范大学出版社@d1988.05 | |
| 215 | @a249页@c照片@d26cm | |
| 606 | 0 | @a天气预报 |
| 690 | @aP456.3@v3 | |
| 701 | 0 | @a栾巨庆@4著 |
| 801 | @aCN@bPftUser@c20040521 | |
| 905 | @dP456.3@e32@f1@b240372 | |
| 星体运动与长期天气地震预报/栾巨庆著.-北京:北京师范大学出版社,1988.05 |
| 249页:照片;26cm |
| ISBN 7-303-00074-7:CNY4.25 |
| ● |
| 相关链接 |
|
|
|
|
正题名:星体运动与长期天气地震预报
索取号:P456.3/32
 
预约/预借
| 序号 | 登录号 | 条形码 | 馆藏地/架位号 | 状态 | 备注 |
| 1 | 0240371 | 000074136 | 第三借阅区/ [索取号:P456.3/32] | 在馆 | |
| 2 | 0240372 | 001944926 | 第三借阅区/ [索取号:P456.3/32] | 在馆 | |
| 3 | 0240373 | 000074127 | 第二样本阅览室/ [索取号:P456.3/32] | 在馆 |